000 00500nam a2200181Ia 4500
003 GCL
008 140319s9999 xx 000 0 ara d
040 _aGCL /
_cGCL
082 0 4 _a227
_bع ت
100 1 _aعلى حسن عبدالغنى
245 1 0 _aتفسير ابن جريح /
_cعلى حسن عبدالغنى
260 _a[S.N] :
_bمكتبة التراث الاسلامى ،
_c1993
300 _a242
490 _a
650 0 4 _aتفاسير
650 0 4 _aالقران
942 _2ddc
_cBK
999 _c32369
_d32369